Reactivity of solids : [proceedings of the Eighth International Symposium on the Reactivity of Solids, held at Chalmers University of Technology, Goteborg, Sweden, June 14-19, 1976] /

Bibliographic Details
Corporate Author: International Symposium on the Reactivity of Solids Chalmers University of Technology
Other Authors: Wood, John, 1943-
Format: Conference Proceeding Book
Language:English
Published: New York : Plenum Press, [1977]
Subjects:

MARC

Tag First Indicator Second Indicator Subfields
LEADER 00000pam a2200000 i 4500
001 in00000055428
005 20151008052231.0
008 770124s1977 nyua 10110 eng
010 |a  77000785  
020 |a 030631021X 
035 |a (OCoLC)02798921 
035 |9 AAH2360AM 
040 |a DLC  |c DLC  |d TXA  |d UtOrBLW 
049 |a TXAM  |c [1159997] 
050 0 0 |a QD478  |b .I57 1976 
082 0 |a 541/.042/1 
111 2 |a International Symposium on the Reactivity of Solids  |n (8th :  |d 1976 :  |c Chalmers University of Technology) 
245 1 0 |a Reactivity of solids :  |b [proceedings of the Eighth International Symposium on the Reactivity of Solids, held at Chalmers University of Technology, Goteborg, Sweden, June 14-19, 1976] /  |c edited by John Wood [and others]. 
264 1 |a New York :  |b Plenum Press,  |c [1977] 
264 4 |c ©1977 
300 |a xx, 810 pages :  |b illustrations ;  |c 26 cm. 
336 |a text  |b txt  |2 rdacontent 
337 |a unmediated  |b n  |2 rdamedia 
338 |a volume  |b nc  |2 rdacarrier 
500 |a Includes indexes. 
650 0 |a Solids  |v Congresses. 
650 0 |a Reactivity (Chemistry)  |x Congresses. 
700 1 |a Wood, John,  |d 1943- 
999 |a MARS 
999 f f |s 61bcf411-df0a-355c-98d9-b5d73a0316cc  |i 1810d1e4-3721-3eb8-9004-f305c8ec6ea2  |t 0 
952 f f |p ric  |a Texas A&M University  |b Rellis Campus  |c Joint Library Facility  |d Remote Storage  |t 0  |e QD478 .I57 1976  |h Library of Congress classification  |i unmediated -- volume  |m A14804716472 
998 f f |a QD478 .I57 1976  |t 0  |l Remote Storage